| 000 | 01323nam a22003254a 4500 | ||
|---|---|---|---|
| 001 | ebr10041622 | ||
| 003 | CaPaEBR | ||
| 006 | m u | ||
| 007 | cr cn||||||||| | ||
| 008 | 010516s2001 enk sb 001 0 eng | ||
| 010 | _z 2001034500 | ||
| 020 | _z033380175X (hbk.) | ||
| 040 |
_aCaPaEBR _cCaPaEBR |
||
| 035 | _a(OCoLC)53471904 | ||
| 050 | 1 | 4 |
_aBL51 _b.P534 2001eb |
| 082 | 0 | 4 |
_a210 _221 |
| 245 | 0 | 0 |
_aPhilosophy of religion in the 21st century _h[electronic resource] / _cedited by D.Z. Phillips and Timothy Tessin. |
| 260 |
_aHoundmills, Basingstoke, Hampshire ; _aNew York : _bPalgrave, _c2001. |
||
| 300 | _axvii, 308 p. | ||
| 490 | 1 | _aClaremont studies in the philosophy of religion | |
| 504 | _aIncludes bibliographical references and index. | ||
| 533 |
_aElectronic reproduction. _bPalo Alto, Calif. : _cebrary, _d2013. _nAvailable via World Wide Web. _nAccess may be limited to ebrary affiliated libraries. |
||
| 650 | 0 |
_aReligion _xPhilosophy. |
|
| 655 | 7 |
_aElectronic books. _2local |
|
| 700 | 1 |
_aPhillips, D. Z. _q(Dewi Zephaniah) |
|
| 700 | 1 | _aTessin, Timothy. | |
| 710 | 2 | _aebrary, Inc. | |
| 830 | 0 | _aClaremont studies in the philosophy of religion. | |
| 856 | 4 | 0 |
_uhttp://site.ebrary.com/lib/rucke/Doc?id=10041622 _zAn electronic book accessible through the World Wide Web; click to view |
| 999 |
_c59506 _d59506 |
||